000 00560nam a2200169Ia 4500
008 090711s9999 xx 000 0 und d
082 _b40743
100 _aडांगळे अर्जुन
245 _aही बांधावरSाी माणसं
260 _c1979
300 _a102
600 _aडांगळे अर्जुन
630 _aही बांधावरSाी माणसं
700 _aडांगळे अर्जुन
730 _aही बांधावरSाी माणसं
942 _cBOOK
999 _c312909
_d312909